| 000 | 00727cam a2200253 4500 | ||
|---|---|---|---|
| 001 | 3605460 | ||
| 003 | OSt | ||
| 005 | 20160426184125.0 | ||
| 008 | 721110s1973 nyua 001 0 eng | ||
| 010 | _a 72011770 | ||
| 020 | _a0070350485 | ||
| 040 |
_aDLC _cDLC _dDLC |
||
| 050 | 0 | 0 |
_aQA805 _b.K62 |
| 082 | 0 | 0 |
_a531 _bKLE 1978 |
| 100 | 1 |
_aKleppner, Daniel. _98337 |
|
| 245 | 1 | 3 |
_aAn introduction to mechanics _c Daniel Kleppner , Robert J. Kolenkow. |
| 260 |
_aNew York, _bMcGraw-Hill _c1973 |
||
| 300 |
_axxii, 546 p. _billus. _c25 cm. |
||
| 350 | _a$11.95 | ||
| 650 | 0 |
_aMechanics. _9819 |
|
| 700 | 1 |
_aKolenkow, Robert J., _ejoint author. _98338 |
|
| 906 |
_a7 _bcbc _corignew _d1 _eocip _f19 _gy-gencatlg |
||
| 942 |
_2ddc _cSLOAN |
||
| 999 |
_c3794 _d3794 |
||